00804nam a2200217 a 450000100100000000500170001000800410002704000250006808200170009310000270011024501020013725000110023926000430025030000230029353400460031670000430036270000340040504900090043995201210044899900170056900002524020200930023643.0110211s1963 sp r 000 0 spa d aDO-SdBNPbspacBNPHU axxxxxbS541r1 aSheen, Fulton J95171710aReligión sin Dios /cFulton J. Sheen ; traducción Rafael Caldentey Prohens , Deán de Ibiza. a3a ed. aBarcelona, España :bPlaneta,c1963. a358 p. ;c20.5 cm. aTítulo original:tReligion without god,1 aCaldentey Prohens, Rafael,etr.9517291 aIbiza, Deán de,etr.951730 aBNGR 001054708MOaGRbGRcCTd2011-02-11iLF1l0oxxxxx S541rp25240-10r2020-06-25w2020-06-25y4ZPréstamo en sala c24733d24733